- Nieto Librero, Ana Belén
Entry Nombre Personal
001 - NUMERO DE CONTROL
- campo de control: 58423
003 - IDENTIFICADOR DE NUMERO DE CONTROL
- campo de control: DLC
005 - FECHA Y HORA DE LA ÜLTIMA TRANSACCIÓN
- campo de control: 20251107092922.0
008 - DATOS DE LONGITUD FIJA
- campo de control de longitud fija: 200115n| azannaabn || aaa c
010 ## - NÚMERO DE CONTROL DE LA BIBLIOTECA DEL CONGRESO
- Número de control LC: no2020006547
035 ## - NUMERO DE CONTROL
- Número de control: (OCoLC)oca12692488
040 ## - FUENTE DE CATALOGACIÓN
- Agencia original de catalogación: CtY
- Lenguaje de catalogación: spa
- Agencia de transcripción: CtY
- Description conventions: rda
- Agencia que lo modifica: DLC
- Agencia que lo modifica: MX-MxUPN
100 1# - ENCABEZAMIENTO - NOMBRE PERSONAL
- Nombre personal: Nieto Librero, Ana Belén
370 ## - LUGAR ASOCIADO
- Associated country: Spain
- Fuente del término: naf
372 ## - CAMPO DE ACTIVIDAD
- Field of activity: Human rights
- Field of activity: Statistics
- Field of activity: Mathematics
- Fuente del término: lcsh
373 ## - GRUPO ASOCIADO
- Associated group: Universidad de Salamanca
- Fuente del término: naf
374 ## - OCUPACIÓN
- Occupation: Mathematicians
- Occupation: Mathematics teachers
- Fuente del término: lcsh
377 ## - LENGUA ASOCIADA
- Language code: spa
670 ## - FUENTE EN LA QUE SE LOCALIZARON DATOS
- Cita de la fuente: Derechos humanos 70 años después de la declaración universal, 2019:
- Información localizada: portada (Ana Belén Nieto Librero)
670 ## - FUENTE EN LA QUE SE LOCALIZARON DATOS
- Cita de la fuente: Universidad de Salamanca Máster en Derechos Humanos, Migraciones y Diversidad staff and instructors webpage, viewed 2021-07-26:
- Información localizada: Ana Belén Nieto Librero, professor in the statistics department at the Universidad de Salamanca. Formerly professor at the Escuela Universitaria de Relaciones Laborales de Zamora. Research areas include statistical models for decision-making, big data, and open data. Doctorate in mathematics, 2015. Initial degrees in math and statistics 2006, Universidad de Salamanca.
- Uniform Resource Identifier: http://girdiversitas.usal.es/master-derechos-humanos/direccion-y-profesorado/ana-belen-nieto-librero/
670 ## - FUENTE EN LA QUE SE LOCALIZARON DATOS
- Cita de la fuente: Políticas públicas en defensa de la inclusión, la diversidad y el género, 2020:
- Información localizada: portada (Ana Belén Nieto Librero; coordinadora)
902 ## - CATALOGADOR
- Catalogador: Víctor Ruiz/071125
